Más allá de la caja brillo : (Record no. 138)

MARC details
000 -LEADER
campo de control de longitud fija 01487nam a2200289 4500
001 - NÚMERO DE CONTROL
campo de control 009154
003 - IDENTIFICADOR DE NÚMERO DE CONTROL
campo de control AR-CdUEA
005 - FECHA Y HORA DE LA ÚLTIMA TRANSACCIÓN
campo de control 20220326193251.0
008 - DATOS DE LONGITUD FIJA--INFORMACIÓN GENERAL
campo de control de longitud fija 090912s2003 sp ||||||||||_||||||spa|d
020 ## - NÚMERO INTERNACIONAL ESTÁNDAR DEL LIBRO
Número Internacional Estándar del Libro 844601307X
040 ## - FUENTE DE CATALOGACIÓN
Centro catalogador/agencia de origen AR-CdUEA
Centro/agencia transcriptor vbnnmjhyrr
082 ## - NÚMERO DE LA CLASIFICACIÓN DECIMAL DEWEY
Número de clasificación 701
Número de ítem D194m
100 1# - ENTRADA PRINCIPAL--NOMBRE DE PERSONA
Nombre de persona Danto, Arthur Coleman,
Fechas asociadas al nombre 1924-
9 (RLIN) 690
245 10 - MENCIÓN DEL TÍTULO
Título Más allá de la caja brillo :
Resto del título las artes visuales desde la perspectiva posthistórica /
Mención de responsabilidad, etc. Arthur C. Danto ; traducción de Alfredo Brotons Muñoz.
260 ## - PUBLICACIÓN, DISTRIBUCIÓN, ETC.
Lugar de publicación, distribución, etc. Madrid :
Nombre del editor, distribuidor, etc. Ediciones Akal,
Fecha de publicación, distribución, etc. 2003.
300 ## - DESCRIPCIÓN FÍSICA
Extensión 236 p. :
Otras características físicas il. byn ;
Dimensiones 24 cm.
490 0# - MENCIÓN DE SERIE
Mención de serie Akal. Arte contemporáneo ;
Designación de volumen o secuencia 12
505 0# - NOTA DE CONTENIDO CON FORMATO
Nota de contenido con formato Los animales como historiadores del arte : reflexiones sobre el ojo inocente -- El mundo del arte revisitado : comedias de similitud -- Las expresiones simbólicas t el yo -- Metáfora y cognición -- Arte y artefacto en Africa -- Formas de los pasados artísticos, Oriente y Occidente -- La botella de la Coca Cola expresionista y abstracta -- Arte superior, arte inferior y el espíritu de la historia -- Censura y subvención en las artes -- Arte peligroso -- El museo de los museos -- Aprendiendo a vivir con el pluralismo -- Narrativa y estilo.
650 #4 - PUNTO DE ACCESO ADICIONAL DE MATERIA--TÉRMINO DE MATERIA
Término de materia o nombre geográfico como elemento de entrada ESTETICA
9 (RLIN) 138
650 #4 - PUNTO DE ACCESO ADICIONAL DE MATERIA--TÉRMINO DE MATERIA
Término de materia o nombre geográfico como elemento de entrada arte
Subdivisión general estetica
-- filosofia del arte
9 (RLIN) 691
650 #4 - PUNTO DE ACCESO ADICIONAL DE MATERIA--TÉRMINO DE MATERIA
Término de materia o nombre geográfico como elemento de entrada FILOSOFIA DEL ARTE
9 (RLIN) 157
650 #4 - PUNTO DE ACCESO ADICIONAL DE MATERIA--TÉRMINO DE MATERIA
Término de materia o nombre geográfico como elemento de entrada ENSAYOS CULTURALES
9 (RLIN) 307
650 #4 - PUNTO DE ACCESO ADICIONAL DE MATERIA--TÉRMINO DE MATERIA
Término de materia o nombre geográfico como elemento de entrada CRITICA CULTURAL
9 (RLIN) 692
650 #4 - PUNTO DE ACCESO ADICIONAL DE MATERIA--TÉRMINO DE MATERIA
Término de materia o nombre geográfico como elemento de entrada CULTURA
9 (RLIN) 113
650 #4 - PUNTO DE ACCESO ADICIONAL DE MATERIA--TÉRMINO DE MATERIA
Término de materia o nombre geográfico como elemento de entrada PLURALISMO
9 (RLIN) 693
650 #4 - PUNTO DE ACCESO ADICIONAL DE MATERIA--TÉRMINO DE MATERIA
Término de materia o nombre geográfico como elemento de entrada CENSURA
9 (RLIN) 694
Holdings
Estatus retirado Estado de pérdida Fuente del sistema de clasificación o colocación Estado de daño No para préstamo Biblioteca de origen Biblioteca actual Ubicación en estantería Fecha de adquisición Total de préstamos Signatura topográfica completa Código de barras Visto por última vez Precio de reemplazo Tipo de ítem Koha
    Clasificación Decimal Dewey     Biblioteca LadoV Biblioteca LadoV   19/05/2014   701 D194m 000121 19/05/2014 19/05/2014 Material 01